000 00315 a2200145 4500
001 162501
020 _a
040 _cMagnum
100 _aRegina, Tia.
240 1 0 _aChico rei - casaca de ferro
_lpor
245 1 0 _aChico rei - casaca de ferro
362 0 _a1899
697 _aIJ/LENDAS, FOLCLORE
942 _cBK
999 _c162501
_d162501